Bloons TD 6 alle Helden - Statistiken

Allgemein
  • Dieses Quiz wurde 5 mal gespielt
  • Das Durchschnittsergebnis liegt bei 3 aus 17
Antwortstatistiken
Antwort % Korrekt
Benjamin
75%
Quincy
50%
Adora
25%
Etienne
25%
Gwendolin
25%
Obyn Greenfoot
25%
Pat Fusty
25%
Sauda
25%
Admiral Brickell
0%
Corvus
0%
Ezilli
0%
Geraldo
0%
Hauptmann Churchill
0%
Psi
0%
Rosalia
0%
Silas
0%
Striker Jones
0%
Keine übereinstimmenden Quizze gefunden
Verteilung der Resultate
Anzahl Personen mit jedem Resultat
Perzentil nach korrekt beantworteten Fragen
Ihre Resultats-Entwicklung
Sie haben dieses Quiz noch nicht gespielt